00700nam a2200193Ia 4500952015400000999001700154003000400171005001700175008004100192020001800233040000900251082002200260100003200282245006700314260004600381300000900427650002000436942005000456 00102ddc40708SOCIAL SCIENCEaMESbMEScSOCIAL SCIENCEd2019-02-20g90.00l0o306.740954 MAI/Tp22197r2019-02-20 00:00:00w2019-02-20yBKzGL41R5 c14104d14104OSt20201019105805.0190216s9999||||xx |||||||||||||| ||und|| a9788120718883 coclc a306.740954bMAI/T a Maitra, Kiranshankar95877 4aThe Twilight Zone Ladies Of The Night /cKiranshankar Maitra  bSterling Publications,c1999.aNew Delhi: a156p aEnglish General cBK2ddch306.740954iMAI/Tk306.740954mMAI/T